000 00488nam a2200169Ia 4500
003 GCL
008 140319s9999 xx 000 0 ara d
040 _aGCL /
_cGCL
082 0 4 _a811.9
_bف ا
100 1 _aفوزى العنتيل
245 1 0 _aرحلة فى اعماق الكلمات /
_cفوزى العنتيل
300 _a279 ص ؛
_c20 سم
490 _a
650 0 4 _aالادب العربى
650 0 4 _aالشعر العربى - العصر الحديث
942 _2ddc
_cBK
999 _c38869
_d38869